00389nam a2200157Ia 4500003000400000008004100004040001600045082001300061100001700074245003900091260003000130300001000160490002400170650001500194650002200209GCL140319s9999 xx 000 0 eng d aGCL / cGCL04a843bD M1 aDEON, MICHEL10aLA MANTEE DU SOIR / cDEON, MICHEL a[S.N] : bFOLIO ، c1990 a152 P aCOLLECTION FOLIOv004aLITERATURE04aFRENCH LITERATURE